Základy reklamy vysokoškolská príručka

Uložené v:
Podrobná bibliografia
Hlavný autor: Prachár, Juraj
Médium: Kniha
Jazyk:Slovak
Vydavateľské údaje: Bratislava Slovenské pedagogické nakladateľstvo 1966
Tagy: Pridať tag
Žiadne tagy, Buďte prvý, kto otaguje tento záznam!

MARC

LEADER 00000nam a2200000 4500
001 c122709
005 20041019155226.1
041 0 |a slo 
044 |a SK 
245 1 0 |a Základy reklamy  |b vysokoškolská príručka  |c Juraj Prachár 
264 1 |a Bratislava  |b Slovenské pedagogické nakladateľstvo  |c 1966 
300 |a 293 s. 
100 1 |a Prachár, Juraj